Vicente Huidobro /
El escritor chileno Vicente Huidobro, nacido en Santiago en 1893 y muerto en Cartagena en 1948, es reconocido como un gran renovador de la poesía en español de la primera mitad del siglo XX. Tras viajar a París en 1916, Huidobro conoció los movimientos de vanguardia de inicios de siglo y comenzó un...
Salvato in:
| Autore principale: | |
|---|---|
| Natura: | Libro |
| Lingua: | spagnolo |
| Pubblicazione: |
Madrid, España :
Júcar,
1980, c1980
|
| Serie: | (Los Poetas ;
27) |
| Soggetti: | |
| Tags: |
Nessun Tag, puoi essere il primo ad aggiungerne!!
|
MARC
| LEADER | 00000nam^a2200000^a^4500 | ||
|---|---|---|---|
| 001 | 000163960 | ||
| 005 | 20250521000000.0 | ||
| 009 | 20260310100925.596 | ||
| 020 | |a 84-334-3027-0 | ||
| 037 | |a Acervo ITESO - Biblioteca | ||
| 041 | |a ESP | ||
| 082 | |a 860. 98306 |b CON | ||
| 100 | |a Concha, Jaime |e (autor) | ||
| 245 | 1 | 0 | |a Vicente Huidobro / |c J. Concha. |
| 264 | 4 | |a Madrid, España : |b Júcar, |c 1980, c1980 | |
| 300 | |a 247 p. | ||
| 336 | |a texto |b txt |2 rdacontenido | ||
| 337 | |a sin mediación |b n |2 rdamedio | ||
| 338 | |a volumen |b nc |2 rdasoporte | ||
| 440 | 5 | |a (Los Poetas ; |v 27) | |
| 520 | |a El escritor chileno Vicente Huidobro, nacido en Santiago en 1893 y muerto en Cartagena en 1948, es reconocido como un gran renovador de la poesía en español de la primera mitad del siglo XX. Tras viajar a París en 1916, Huidobro conoció los movimientos de vanguardia de inicios de siglo y comenzó un proceso de renovación en el ámbito literario, encarnado en el movimiento del creacionismo y en su variante española, el ultraísmo. Mío Cid Campeador (1929), Cagliostro (1934), La próxima (historia que pasó en poco tiempo más) (1934), Papá o el diario de Alicia Mir (1934) y Sátiro o el poder de las palabras (1939), integran su obra narrativa, junto con Tres novelas ejemplares o Tres inmensas novelas (1935), preparada al alimón con el artista dadaísta francés Hans Harp. Ecuatorial (1918) y el poema largo Altazor o el viaje en paracaídas (1931) forman, por su parte, el gran legado poético del autor chileno. | ||
| 649 | |a XX | ||
| 650 | |a Escritores Chilenos | ||
| 650 | |a Poesía Chilena - |x Historia y Crítica | ||
| 650 | |a Creacionismo (Literatura) - |z Chile - |x Historia y Crítica | ||
| 650 | |a Creacionismo (Literatura) - |x Historia y Crítica | ||
| 650 | |a Literatura Chilena - |x Historia y Crítica | ||
| 650 | |a Literatura Chilena - |y Siglo XX | ||
| 650 | |a Huidobro, Vicente - |x Tema Principal | ||
| 910 | |a Fondo Armando Suárez Gómez | ||
| 920 | |a Impresos - Libros | ||
| 930 | |a Fondos Especiales | ||
| 940 | |a Literatura | ||
| 905 | |a 111 | ||
| 901 | |a 0700005390 |b IT2 |c ESP |u 20250521 | ||
| 902 | |a https://opac.biblio.iteso.mx/vufind/Record/000163960 | ||